<?xml version="1.0" encoding="UTF-8"?>
<record
    xmlns:xsi="http://www.w3.org/2001/XMLSchema-instance"
    xsi:schemaLocation="http://www.loc.gov/MARC21/slim http://www.loc.gov/standards/marcxml/schema/MARC21slim.xsd"
    xmlns="http://www.loc.gov/MARC21/slim">

  <leader>02988nam a2200349 a 4500</leader>
  <controlfield tag="001">000035751</controlfield>
  <controlfield tag="003">DO-SdBPM</controlfield>
  <controlfield tag="005">20250618124714.0</controlfield>
  <controlfield tag="007">ta</controlfield>
  <controlfield tag="008">111110s2011    dr            001 m spa d</controlfield>
  <datafield tag="020" ind1=" " ind2=" ">
    <subfield code="a">9789945423211</subfield>
  </datafield>
  <datafield tag="040" ind1=" " ind2=" ">
    <subfield code="a">DO-SdBPM</subfield>
    <subfield code="b">spa</subfield>
    <subfield code="c">BPMSU </subfield>
    <subfield code="d">rda</subfield>
  </datafield>
  <datafield tag="082" ind1=" " ind2="4">
    <subfield code="a">RD860.4409</subfield>
    <subfield code="b">C422e 2011</subfield>
    <subfield code="2">22</subfield>
  </datafield>
  <datafield tag="100" ind1="1" ind2=" ">
    <subfield code="a">C&#xE9;spedes, Di&#xF3;genes,</subfield>
    <subfield code="d">1941-</subfield>
    <subfield code="e">autor </subfield>
  </datafield>
  <datafield tag="245" ind1="1" ind2="0">
    <subfield code="a">Estudios lingu&#xED;sticos, literarios, culturales y semi&#xF3;ticos /</subfield>
    <subfield code="c">Di&#xF3;genes C&#xE9;spedes.</subfield>
  </datafield>
  <datafield tag="264" ind1=" " ind2=" ">
    <subfield code="a">Santo Domingo :</subfield>
    <subfield code="b">Universidad APEC, </subfield>
    <subfield code="c">2011</subfield>
  </datafield>
  <datafield tag="300" ind1=" " ind2=" ">
    <subfield code="a">470 p&#xE1;ginas  :</subfield>
    <subfield code="b">ilustraciones  ;</subfield>
    <subfield code="c">24 cm.</subfield>
  </datafield>
  <datafield tag="336" ind1=" " ind2=" ">
    <subfield code="a">texto</subfield>
    <subfield code="b">txt</subfield>
    <subfield code="2">rdacontent</subfield>
  </datafield>
  <datafield tag="337" ind1=" " ind2=" ">
    <subfield code="a">sin mediaci&#xF3;n</subfield>
    <subfield code="b">n</subfield>
    <subfield code="2">rdamedia</subfield>
  </datafield>
  <datafield tag="338" ind1=" " ind2=" ">
    <subfield code="a">volumen</subfield>
    <subfield code="b">nc</subfield>
    <subfield code="2">rdacarrier</subfield>
  </datafield>
  <datafield tag="500" ind1=" " ind2=" ">
    <subfield code="a">Incluye referencias bibliogr&#xE1;ficas y notas al pie de las p&#xE1;ginas.</subfield>
  </datafield>
  <datafield tag="505" ind1="0" ind2=" ">
    <subfield code="a">Ling&#xFC;&#xED;stica 17|Por una reforma de la ortograf&#xED;a espa&#xF1;ola 19|Mitos ling&#xFC;&#xED;sticos en los diarios y otros escritos de Col&#xF3;n 37|Discurso de ingreso de Di&#xF3;genes C&#xE9;spedes a la Academia Dominicana de Lengua 59|Ling&#xFC;&#xED;stica, po&#xE9;tica, cr&#xED;tica literaria y gram&#xE1;tica a partir del siglo XXI 59|Hay que volver a Saussure : el triste caso de la ling&#xFC;&#xED;stica hispanoamericana 95|Diccionario de dominicanismos, de Carlos Esteban Deive 111|Irving A. Leonard : un libro ejemplar sobre libros 115|Lo nuevo y lo viejo en el sociolecto de la juventud 123|Estudios po&#xE9;ticos 147|"La mancha indeleble" : valor po&#xE9;tico y modernidad de la narrativa latinoamericana 149|Cr&#xED;tica al "concepto" pol&#xED;tico de identidad 161|Mario Vargas Llosa o la subordinaci&#xF3;n de la ficci&#xF3;n a la historia 177|La dimensi&#xF3;n de la ficci&#xF3;n y su pr&#xE1;ctica en Pedro Henr&#xED;quez Ure&#xF1;a 187|Vigencia de Juan S&#xE1;nchez Lamouth : una mirada a su &#xE9;poca (y a la nuestra) 235|Presentaci&#xF3;n de la novela "Guerrilla nuestra de cada d&#xED;a", de Efraim Castillo 2553|Discurso ante los invitados al acto de inauguraci&#xF3;n de la Decimotercera Conferencia de la Asociaci&#xF3;n Internacional de Literatura Femenina Hisp&#xE1;nica 255|Obras y autores dominicanos sobresalientes de los siglos XX y XXI 261|Las novelas de Lacay Polanco 287|Manolo, novela intrahist&#xF3;rica de Edwin Disla 295|La cr&#xED;tica de lo pol&#xED;tico en tres poemas esc&#xE9;nicos de Franklin Mieses Burgos : la ciudad inefable, El h&#xE9;roe, Medea 311|Valor literario y latinoamericanismo en siete cuentos y medio de Juan Bosch 337|Cultura y semi&#xF3;tica 383|El proyecto sociopol&#xED;tico de Adalberto Chapuseaux 385|Un pr&#xF3;logo necesario : receta para no ser racista 413|La caricatura period&#xED;stica dominicana hoy d&#xED;a 419</subfield>
  </datafield>
  <datafield tag="590" ind1=" " ind2=" ">
    <subfield code="a">Inventariado, 2025/VM</subfield>
  </datafield>
  <datafield tag="650" ind1=" " ind2="7">
    <subfield code="a">Literatura dominicana.</subfield>
  </datafield>
  <datafield tag="650" ind1=" " ind2="7">
    <subfield code="a">Poes&#xED;a latinoamericana</subfield>
    <subfield code="x">Historia y cr&#xED;tica</subfield>
  </datafield>
  <datafield tag="650" ind1=" " ind2="7">
    <subfield code="a">Autores latinoamericanos</subfield>
    <subfield code="x">Historia y cr&#xED;tica</subfield>
  </datafield>
  <datafield tag="650" ind1=" " ind2="4">
    <subfield code="a">Lenguaje y cultura</subfield>
    <subfield code="x">Ensayos, conferencias, etc.</subfield>
  </datafield>
  <datafield tag="650" ind1=" " ind2="4">
    <subfield code="a">Lingu&#xED;stica</subfield>
    <subfield code="x">Ensayos, conferencias, etc.</subfield>
  </datafield>
  <datafield tag="650" ind1=" " ind2="4">
    <subfield code="a">Semi&#xF3;tica y literatura</subfield>
    <subfield code="x">Ensayos, conferencias, etc.</subfield>
  </datafield>
  <datafield tag="910" ind1=" " ind2=" ">
    <subfield code="a">VMateo V. Control de calidad BPMSU</subfield>
  </datafield>
  <datafield tag="942" ind1=" " ind2=" ">
    <subfield code="2">ddc</subfield>
    <subfield code="c">BK</subfield>
  </datafield>
  <datafield tag="952" ind1=" " ind2=" ">
    <subfield code="0">0</subfield>
    <subfield code="1">0</subfield>
    <subfield code="2">ddc</subfield>
    <subfield code="7">0</subfield>
    <subfield code="8">CD</subfield>
    <subfield code="a">BPMET</subfield>
    <subfield code="b">BPMET</subfield>
    <subfield code="d">2025-06-18</subfield>
    <subfield code="l">0</subfield>
    <subfield code="o">BPMSU CD RD860.4409 C422e 2011</subfield>
    <subfield code="p">BPMSU25060074</subfield>
    <subfield code="r">2025-06-18</subfield>
    <subfield code="w">2025-06-18</subfield>
    <subfield code="y">BK</subfield>
  </datafield>
  <datafield tag="999" ind1=" " ind2=" ">
    <subfield code="c">15185</subfield>
    <subfield code="d">15185</subfield>
  </datafield>
</record>
